| 000 | 00416nam a22001337a 4500 | ||
|---|---|---|---|
| 040 | _cNUST | ||
| 082 | _a220 PRO | ||
| 100 |
_aMoazzam Ali Malik Waqar Ali Khan Hamza Tanweer _986421 |
||
| 110 |
_a Supervisors: Dr. Umar Shahbaz Khan Lec. Ayesha Zeb _986422 |
||
| 245 | _aPR-SOF-1978-Automated Greenhouse System | ||
| 260 |
_aISLAMABAD: _bNUST COLLEGE OF EME, _c2020. |
||
| 650 |
_aDE-MTS-38 _986423 |
||
| 942 |
_2ddc _cPR |
||
| 999 |
_c587318 _d587318 |
||